000 01996cam a22004814i 4500
003 PE-LiUPU
005 20250731173424.0
008 150706s2011 ag r 000 0 spa d
020 _a9789875572386
035 _a(Sirsi) i9789875572386
040 _aPE-LiUPU
_bspa
_cPE-LiUPU
_erda
049 _aPRUA
082 0 4 _a248.5
_bS76
_221
100 1 _aSpurgeon, C. H.,
_d1834-1892
_qCharles Haddon,
_eautor.
245 1 0 _aEn paz me acostaré :
_bclásico devocional de inspiración diaria /
_cCharles H. Spurgeon.
264 1 _aBuenos Aires :
_bEditorial Peniel,
_c2011.
300 _a368 páginas ;
_c21 centímetros
336 _atext
_2rdacontent
337 _aunmediated
_2rdamedia
338 _avolume
_2rdacarrier
505 0 _aCada reflexión diaria le proveerá inspiradoras meditaciones sobre La Palabra de Dios -- Descubrirá día a día diferentes perspectivas sobre la vida cristiana -- Spurgeon supo escribir meditaciones con una riqueza sobrenatural pero capaz de ser atrapada de un modo simple -- Ellas lo guiarán por sendas de fe y obediencia, con el fin de profundizar su relación con el Señor.
526 _aSEG42
526 _aSEG41
526 _aSEG40
526 _aSEG39
526 _aP94
526 _aP87
526 _aP86
526 _aP85
526 _aP77
526 _aP76
526 _aP35
541 _g001-0000606;
650 0 4 _aLecturas devocionales.
650 0 4 _aMeditaciones.
700 1 _aViglione, Renata,
_etr.
910 _agl
_bjv
_cng
_d20121023
942 _2ddc
_cBOOK
949 _a248.5 S76
_wDEWEY
_c1
_i65687
_lCCODEBUL1
_mBUL
_p28.00
_r0
_sY
_tBOOK
_u2015-7-6
_xTEOLOGIA
_PP35
_o.STAFF. Colección General
994 _aC0
_bPEPRU
596 _a1
999 _a248.5 S76
_wDEWEY
_c54118
_i65687
_d54118
_e2016-5-25
_f2021-11-10
_g5
_lCCODEBUL1
_mBUL
_n1
_p28.00
_q1
_r0
_sY
_tBOOK
_u2015-7-6
_xTEOLOGIA
_PP35
_0COMPRA
_o.STAFF. Colección Teología
980 _81
_gALBERTO SANCHEZ Responsable de Automatización